000 00631nam a2200205 a 4500
001 000032653
003 OSt
005 20201126143534.0
008 110725s1913 dr 000 0 spa d
040 _aDO-SdBNP
_bspa
_cBNPHU
082 4 _a342.73
_bL215a
_222
100 1 _aLamarche, José
_958540
245 1 0 _aAlgunas palabras sobre la constitución Americana /
_cJosé Lamarche.
260 _aSanto Domingo :
_bImp. Escobar y Cia.,
_c1913.
300 _a26 p. ;
_c24 cm.
590 _aInventariado, 2019 / DG
651 4 _aEstados Unidos
_xConstitución
_977444
910 _aValidado. Control de calidad MFF
942 _2ddc
_cLBS1
999 _c32144
_d32144